00898nam a2200229 a 4500001001000000003000500010005001700015008004100032010001100073011001100084040000900095100003600104245015600140260004100296500006000337502010200397650002800499650002600527650002100553650002400574856007000598000112388CHAP20220329144302.0160308s2016 mx a fsm |||||||spa d a108849 a109821 cCHAP1 aVázquez Gutiérrez, Santiago10aAnálisis de los índices de competitividad del mango producido en México en el mercado mundial/h[En línea]cpor Santiago Vázquez Gutiérrez. aChapingo, Méx. :bEl autor,c2016. aPara ver el contenido del material haga clic en la liga aTesis (Ing. en Economía Agrícola) -- UACH. División de Ciencias Económico Administrativas14aComercio internacional.14aMangoxExportación.14aMangoxMercadeo.14aMangoxRendimiento. aFinding aiduhttp://10.13.5.2/tesis/sist112388.pdfzTeclea aquí